000 00458nam a2200181Ia 4500
005 20240801030017.0
008 240331s9999 xx 000 0 und d
020 _a9280311069
082 _bSAN
_a378
100 _aSanyal, B.C
245 0 _aUniversity education and graduate employment in Sri Lanka
260 _aColombo
_bMarga Institute
_c1983
300 _axii, 411 p .,
650 _aSocial
650 _aEconomics
650 _aCultural
942 _cL
999 _c2970
_d2970